000 00455nam a2200169Ia 4500
008 230711s9999||||xx |||||||||||||| ||und||
020 _a978-81-7274-764-0
041 _aENG
082 _a624.068
_bRA-P
100 _aRamasamy,R
245 0 _aPractical Handbook of Construction Management for Architects and Engineers
250 _a3rd Ed.
260 _c2012
_aNew Delhi
_bA Nabhi Publication
300 _a256p.
650 _aArchitecture
942 _cBK
999 _c6511
_d6511